000 00349nam a2200157Ia 4500
003 Ost
005 20260225132541.0
008 260225s9999||||xx |||||||||||||| ||und||
040 _cfsic
041 _afre
082 _a330.9
100 _aGeorge soros
_eAuteur
245 0 _aLa crise du capitalisme /
245 0 _cGeorge soros
942 _cكتاب
999 _c33498
_d33498